| 000 | 01064nam a2200205 a 4500 | ||
|---|---|---|---|
| 001 | 22649 | ||
| 003 | CO-ViMGA | ||
| 008 | 141112s2004 ck r 000 u spa d | ||
| 040 |
_aCO-ViMGA _bspa _cCO-ViMGA |
||
| 082 | 0 | 4 | _a343.2 V351f |
| 100 | 1 |
_aVelasquez Posada, Luis Gonzalo _932259 |
|
| 245 | 1 | 0 | _aFalsedad documental y laboratorio forense |
| 260 |
_aMedellin : _bSeñal Editorial, _c2004 |
||
| 300 | _a505 | ||
| 505 | _aAntecedentes y evolucion del peritraje documentologico 7 - 47 - - Documentologia y ciencias del grafismo 59 - 90 - - Peritaje grafotecnica y psicografologia 93 - 113 - - Naturaleza y estructura del documento 119 - 141 - - Manipulaciones fisicoquimicas 145 - 178 - - Instrumentos y metodos de examen 191 - 278 - - Analisis del sustrato documental 285 - 342 - - Sistema de impresion 347 - 404 | ||
| 590 | _aForma de adquisición : Compra - - Precio : 130.000 - - Proveedor : Dismet - - Fecha de adquisición : 2008 | ||
| 650 | 1 | 4 |
_aFALSIFICACION DE DOCUMENTOS LEGALES _932260 |
| 650 | 1 | 4 |
_aInvestigación CRIMINAL _924097 |
| 942 |
_2ddc _cBK |
||
| 999 |
_c30949 _d30949 |
||